000 01480cam a2200373 i 4500
001 4471613
003 EG-ScBUE
005 20250218092901.0
008 961205r20001997enka f b 001 0 eng d
020 _a0750617713
020 _a9780750617710
040 _aEG-ScBUE
_beng
_erda
_cEG-ScBUE
_dEG-ScBUE
082 0 4 _a526.9
_222
_bWHY
100 1 _aWhyte, W. S.
_q(Walter S.)
_eauthor.
245 1 0 _aBasic surveying /
_cW. S. Whyte, former associate professor, City University of Hong Kong and R. E. Paul, former senior lecturer, Leicester Polytechnic.
250 _aFourth edition.
250 _aReprint dition.
264 1 _aOxford :
_bButterworth-Heinemann,
_c2000.
300 _aix, 335 pages :
_billustrations ;
_c24 cm
336 _2rdacontent
_atext
_btxt
337 _aunmediated
_2rdamedia
_bn
338 _avolume
_bnc
_2rdacarrier
500 _aRevised edition of : Basic metric surveying. third edition 1985.
504 _aIncludes bibliographical references and index.
650 7 _aSurveying.
_2BUEsh
650 7 _aMetric system.
_2BUEsh
655 _vReading book
700 1 _aPaul, R. E.
_eauthor.
856 4 2 _3Publisher description
_uhttp://www.loc.gov/catdir/description/els032/96029743.html
856 4 1 _3Table of contents
_uhttp://www.loc.gov/catdir/toc/els032/96029743.html
942 _2ddc
_cBB
999 _c10656
_d10656